000 00445nam a2200157Ia 4500
005 20241022033741.0
008 240331s9999 xx 000 0 und d
020 _a9559069020
082 _bRAN
_a821
100 _aRanasinghe, A
245 0 _aNot even shadows
260 _aColombo
_bEnglish Writer's Cooperative of Sri Lanka
_c1991
300 _a43 p .,
500 _a" Not even shadows", Anne Ranasinghe's collection of new poems.
942 _cL
999 _c3337
_d3337